00000000nam##2200000za#4500
0019.696450
003CaOODSP
00520210624235035
007cr |||||||||||
008150407|1999||||xxc|||||o    f|0| 0 eng|d
040 |aCaOODSP|beng
043 |an-cn---
0861 |aMP43-400/1999E-PDF
1101 |aCanada. |bHuman Resources Development Canada.
24514|aThe National Child Benefit : |h[electronic resource]|bwhat it means for Canadian families
260 |aOttawa - Ontario : |bHuman Resources Development Canada |cJuly 1999.
300 |a17p.|bfigs., table, photographs
500 |aThe catalogue number (MP43-400/1999E) and ISBN (0-662-27984-0) for the print edition have been incorrectly copied in this electronic publication.
5203 |aThis pamphlet explains how the National Child Benefit (NCB) is expected to impact the lives of low-income Canadian children and their families, and also gives first-person accounts of how it has positively affected their lives. By increasing the Canadian Child Tax Credit, and adding the NCB supplement, the Federal Government (in conjunction with provinces, territories and First Nations) expects to ease the transition between welfare and employment, and increase financial benefits, support programs and services available to low-income Canadian families in an attempt to reduce child poverty. It also outlines the NCB's intention of keeping Canadians informed through Progress Reports, and sketches future program objectives in a section entitled Next Steps.
69007|aChild poverty|2gcpds
69007|aFamily|2gcpds
69007|aIncome security|2gcpds
77508|tLa prestation nationale pour enfants : |w(CaOODSP)9.640565
7760#|tThe National Child Benefit : |w(CaOODSP)9.647398
85640|ahttp://publications.gc.ca|qPDF|s795 KB|uhttps://publications.gc.ca/collections/Collection/MP43-400-1999E.pdf
986 |aSP-138-07-99E